The dynamics of spectrum management : (Record no. 87583)

MARC details
000 -LEADER
fixed length control field 00695nam a22002057a 4500
005 - DATE AND TIME OF LATEST TRANSACTION
control field 20140827122106.0
010 ## - LCCN (DPL NO)
LC control number ENG-110598
020 ## - INTERNATIONAL STANDARD BOOK NUMBER
International Standard Book Number 9780198099789
Terms of availability 995.00
035 ## - SYSTEM CONTROL NUMBER
System control number EN-94130
037 ## - SOURCE OF ACQUISITION
Source of stock number/acquisition DBAD/PUB
082 ## - DEWEY DECIMAL CLASSIFICATION NUMBER
Classification number 621.3822
100 ## - MAIN ENTRY--PERSONAL NAME
Personal name Rohit Prasad
245 ## - TITLE STATEMENT
Title The dynamics of spectrum management :
Statement of responsibility, etc by Rohit Prasad [and] V. Sridhar
Remainder of title legacy, technology and economics /
260 ## - PUBLICATION, DISTRIBUTION, ETC. (IMPRINT)
Place of publication, distribution, etc New Delhi
Name of publisher, distributor, etc Oxford University Press
Date of publication, distribution, etc 2014
270 ## - ADDRESS
Address YMCA Library Building, 1 Jai Singh Road
City New Delhi
Postal code 110001
300 ## - PHYSICAL DESCRIPTION
Extent xx,366p.
Dimensions 23cm(Hb)
500 ## - GENERAL NOTE
General note Includes bibliographical references and index
700 ## - ADDED ENTRY--PERSONAL NAME
Personal name Sridhar, V.
942 ## - ADDED ENTRY ELEMENTS (KOHA)
Source of classification or shelving scheme Dewey Decimal Classification
Item type English Books
Call number suffix ROH
Classification part 621.3822
Holdings
Withdrawn status Lost status Not for loan Collection code Home library Current library Date acquired Source of acquisition Cost, normal purchase price Full call number Barcode Copy number Cost, replacement price Koha item type
    Not For Loan Non-fiction D.B.Act.Division D.B.Act.Division 05/08/2014 DBAD/PUB 995.00 621.3822 ROH EN-94130 1 995.00 English Books

© Delhi Public Library
Hit Counter
free hit counter